<?xml version="1.0" encoding="UTF-8"?>
<collection xmlns="http://www.loc.gov/MARC21/slim">
<record>
  <controlfield tag="001">88414</controlfield>
  <controlfield tag="005">20240322114949.0</controlfield>
  <datafield tag="024" ind1="8" ind2=" ">
    <subfield code="2">sideral</subfield>
    <subfield code="a">117091</subfield>
  </datafield>
  <datafield tag="037" ind1=" " ind2=" ">
    <subfield code="a">ART-2019-117091</subfield>
  </datafield>
  <datafield tag="041" ind1=" " ind2=" ">
    <subfield code="a">spa</subfield>
  </datafield>
  <datafield tag="100" ind1=" " ind2=" ">
    <subfield code="a">Pelegrín Campo, Julián Bernardo</subfield>
    <subfield code="u">Universidad de Zaragoza</subfield>
    <subfield code="0">(orcid)0000-0003-4425-0864</subfield>
  </datafield>
  <datafield tag="245" ind1=" " ind2=" ">
    <subfield code="a">Alejandro Magno en el cómic: apuntes sobre recepción clásica y didáctica de la Historia</subfield>
  </datafield>
  <datafield tag="260" ind1=" " ind2=" ">
    <subfield code="c">2019</subfield>
  </datafield>
  <datafield tag="506" ind1="0" ind2=" ">
    <subfield code="a">Access copy available to the general public</subfield>
    <subfield code="f">Unrestricted</subfield>
  </datafield>
  <datafield tag="520" ind1="3" ind2=" ">
    <subfield code="a">La presencia de Alejandro Magno en el cómic ha sido prácticamente ignorada por los estudios sobre la recepción centrados tanto en la Antigüedad clásica en general como en la figura de este personaje en particular, y muy escasamente examinada por los que abordan el tratamiento de la Antigüedad en dicho género. Sin embargo, la existencia de más de doscientos títulos publicados a lo largo de casi un siglo que incorporan representaciones gráficas de Alejandro constituye un corpus con entidad más que suficiente como para ser reconocido en tanto que objeto de estudio por la investigación académica a la vista tanto de sus posibilidades educativas en el ámbito de la didáctica de la Historia como de la importancia del personaje como icono de referencia en el marco de la cultura popular contemporánea.

The presence of Alexander the Great in comics has been virtually ignored by the reception studies both about Classical Antiquity and about the Macedonian conqueror, and very sparsely analysed by the research about the treatment of Antiquity in comic books. However, the existence of more than two hundred works published over almost a century with graphic representations of Alexander shapes a corpus with more than enough value to be recognized as object of study by academic research because of the educational possibilities of the most recent historical-biographical approaches from History teaching, and the importance of Alexander the Great as a reference icon in the contemporary popular culture.</subfield>
  </datafield>
  <datafield tag="540" ind1=" " ind2=" ">
    <subfield code="9">info:eu-repo/semantics/openAccess</subfield>
    <subfield code="a">by-nc-nd</subfield>
    <subfield code="u">http://creativecommons.org/licenses/by-nc-nd/3.0/es/</subfield>
  </datafield>
  <datafield tag="655" ind1=" " ind2="4">
    <subfield code="a">info:eu-repo/semantics/article</subfield>
    <subfield code="v">info:eu-repo/semantics/publishedVersion</subfield>
  </datafield>
  <datafield tag="710" ind1="2" ind2=" ">
    <subfield code="1">4006</subfield>
    <subfield code="2">210</subfield>
    <subfield code="a">Universidad de Zaragoza</subfield>
    <subfield code="b">Dpto. Didác.Leng.y CC.HH.y SS.</subfield>
    <subfield code="c">Área Didáctica Ciencias Socia.</subfield>
  </datafield>
  <datafield tag="773" ind1=" " ind2=" ">
    <subfield code="g">45 (2019), 357-406</subfield>
    <subfield code="p">Clío (Valencia)</subfield>
    <subfield code="t">Clío (Valencia)</subfield>
    <subfield code="x">1139-6237</subfield>
  </datafield>
  <datafield tag="856" ind1="4" ind2=" ">
    <subfield code="s">700922</subfield>
    <subfield code="u">http://zaguan.unizar.es/record/88414/files/texto_completo.pdf</subfield>
    <subfield code="y">Versión publicada</subfield>
  </datafield>
  <datafield tag="856" ind1="4" ind2=" ">
    <subfield code="s">456233</subfield>
    <subfield code="u">http://zaguan.unizar.es/record/88414/files/texto_completo.jpg?subformat=icon</subfield>
    <subfield code="x">icon</subfield>
    <subfield code="y">Versión publicada</subfield>
  </datafield>
  <datafield tag="856" ind1="4" ind2="1">
    <subfield code="u">http://clio.rediris.es/n45/articulos/357_406_Libre08_Pelegrin.pdf</subfield>
    <subfield code="z">Texto completo de la revista</subfield>
  </datafield>
  <datafield tag="909" ind1="C" ind2="O">
    <subfield code="o">oai:zaguan.unizar.es:88414</subfield>
    <subfield code="p">articulos</subfield>
    <subfield code="p">driver</subfield>
  </datafield>
  <datafield tag="951" ind1=" " ind2=" ">
    <subfield code="a">2024-03-22-11:46:32</subfield>
  </datafield>
  <datafield tag="980" ind1=" " ind2=" ">
    <subfield code="a">ARTICLE</subfield>
  </datafield>
</record>
</collection>